| 000 | 00690cam a22002413a 4500 | ||
|---|---|---|---|
| 001 | 20213 | ||
| 003 | PGUSA | ||
| 005 | 20140828083428.0 | ||
| 008 | 061229s2006||||xxu|||||s|||||000 1 eng d | ||
| 040 |
_aPGUSA _beng |
||
| 042 | _adc | ||
| 050 | 4 | _aPZ | |
| 100 | 1 |
_aAbbott, Eleanor Hallowell, _d1872-1958 |
|
| 245 | 1 | 0 |
_aPeace on Earth, Good-will to Dogs _h[electronic resource] / _cEleanor Hallowell Abbott |
| 260 |
_bProject Gutenberg, _c2006 |
||
| 506 | _aPublic domain in the USA. | ||
| 516 | _aElectronic text | ||
| 653 | _aChristmas stories | ||
| 653 | _aDogs -- Fiction | ||
| 830 | 0 |
_aProject Gutenberg _v20213 |
|
| 856 | 4 | 0 | _uhttp://www.gutenberg.org/ebooks/20213 |
| 942 | _cEB | ||
| 999 |
_c249468 _d249468 |
||